00379nam a2200145Ia 4500008004100000020001500041041001200056082001100068100001800079245007600097260002500173300000800198650000800206700001900214221030s9999 xx 000 0 und d a8120327721 aEnglish a105.23 aK. Eshraghian 0aEssentials Of VLSI Circuits & Systemscby K. Eshraghian, D. A. Pucknell bPHIaNew Delhic2006 a492 aECE aD. A. Pucknell